Welcome to the Holygrace Academy Library

Please use search bar below to get started

OXFORD INFORMATICS PRACTICES (Record no. 575)

MARC details
000 -LEADER
fixed length control field 00340nam a22001337a 4500
020 ## - INTERNATIONAL STANDARD BOOK NUMBER
ISBN 0-19-566822-7
082 ## - DEWEY DECIMAL CLASSIFICATION NUMBER
Classification number 004
Item number PAN/1
100 ## - MAIN ENTRY--AUTHOR NAME
Personal name SANGEETA PANCHAL, ALKA SABHARWAL
245 ## - TITLE STATEMENT
Title OXFORD INFORMATICS PRACTICES
Remainder of title CBSE CLASS XII
260 ## - PUBLICATION, DISTRIBUTION, ETC. (IMPRINT)
Place of publication DELHI
Name of publisher OXFORD INDIA
Year of publication 2004
300 ## - PHYSICAL DESCRIPTION
Number of Pages 1016
650 ## - SUBJECT ADDED ENTRY--TOPICAL TERM
Topical Term IP FOR CLASS XII
Geographic subdivision INDIA
942 ## - ADDED ENTRY ELEMENTS (KOHA)
Koha item type Books
Holdings
Withdrawn status Lost status Collection code Home library Current library Shelving location Date acquired Source of acquisition Cost, normal purchase price Full call number Accession Number Koha item type
    Reference Main Library Main Library SHELF 10 A PLUS 2 COMPUTER SCIENCE & INFORMATIC PRACTICE 15/06/2009 purchase 288.00 004 PAN/1 04608 Books